|
|
|
|
| LEADER |
00758nam a2200205 a 4500 |
| 001 |
c000268248 |
| 003 |
CARM |
| 005 |
20070823105157.0 |
| 008 |
070823s1975 enk 000 1 eng d |
| 019 |
1 |
|
|a 50073448
|5 LACONCORD2021
|
| 035 |
|
|
|a (OCoLC)15018258
|5 LACONCORD2021
|
| 040 |
|
|
|a VCAV
|c VCAV
|
| 082 |
0 |
4 |
|a 823.912
|2 22
|
| 100 |
1 |
|
|a Christie, Agatha,
|d 1890-1976.
|
| 245 |
1 |
4 |
|a The burden /
|c Agatha Christie writing as Mary Westmacott.
|
| 260 |
|
|
|a London :
|b Collins :
|b Fontana Books,
|c 1975.
|
| 300 |
|
|
|a 192 p ;
|c 18 cm.
|
| 852 |
8 |
|
|b CARM
|h A1:AM13A0
|i A04701
|p 0379355
|f BK
|
| 999 |
f |
f |
|i 1642aa9f-3f94-57b1-9f2f-a56350e4ce0a
|s 82d8f19c-dbe3-54ff-ad8d-23d57f595d8c
|
| 952 |
f |
f |
|p Can circulate
|a CAVAL
|b CAVAL
|c CAVAL
|d CARM 1 Store
|e A04701
|f A1:AM13A0
|h Other scheme
|i book
|m 0379355
|